000 00489ntaaa2200181 4500
003 01
005 20251027201956.0
008 0714s1973 ag 01
040 _aAR-BaBN
_bspa
_cAR-BaBN
_eaacr
_dRIC
082 _a254.4000 St6
100 _aStoody, Ralph
_918363
245 _aHandbook of church public relations
250 _a1 ed. :
_bAbingdon Press,
_cc/959
300 _a256 p.
650 _aIglesia-Relaciones Públicas
_918364
650 _aRelaciones Públicas-Iglesia
942 _cBK
999 _c14507
_d14507